000
00189 a2200097 4500
020
_a
9780769640693
041
_a
spa
100
_a
Vivian French
245
_a
Un gato con chaqueta
942
_c
BK
999
_c
7207
_d
7207